Statistics for Decades by Picture - 1990s

Click here to take the quiz!

General Stats

  • This quiz has been taken 256 times
    (47 since last reset)
  • The average score is 12 of 18

Answer Stats

Answer% Correct
Diana, Princess of Wales
98%
Nelson Mandela
98%
Titanic
96%
Toy Story
91%
George H. W. Bush
89%
Bill Clinton
87%
Kurt Cobain
84%
Soviet Union
82%
Tupac Shakur
82%
{Dolly} the Sheep
73%
Pager
71%
{Gulf} War
69%
Pablo Escobar
58%
Yugoslavia
53%
Tamagotchi
38%
Nintendo 64
31%
Tim Berners-Lee
29%
Hubble Space Telescope
11%

Score Distribution

Percentile by Number Answered

Percent of People with Each Score

Your Score History

You have not taken this quiz since the last reset